PRO8L3M - Ground Zero Mixtape - Statystyki

Ogólne statystyki
  • Ten quiz został rozwiązany 16 razy
    7 od ostatniego zresetowania
  • Średni wynik to 12 z 28
Statystyki odpowiedzi
Ground Zero Mixtape % Poprawnych
Ground Zero
100%
Flary
67%
Magnolie
67%
Na audiencji
67%
Byłem tam
50%
Fair Play
50%
Krajowa #1
50%
Krajowa #2
50%
Lody włoskie
50%
Międzynarodowa #1
50%
Międzynarodowa #2
50%
Międzynarodowa #3
50%
Międzynarodowa #4
50%
Międzynarodowa #5
50%
Półsny
50%
V8
50%
Golden
33%
Hazard
33%
Kluby i restauracje
33%
Rewia
33%
Styl sportowy
33%
Vanitas
33%
Garmażeria
17%
Gry losowe
17%
Iskry
17%
Macki meduzy
17%
Puerto Rico
17%
Sick Boy
17%
Nie znaleziono quizów pasujących do podanych kryteriów
Rozkład punktacji
Procent ludzi z każdym wynikiem
Percentyl według liczby udzielonych odpowiedzi
Twoja historia wyników
Nie rozwiązałeś tego quizu od ostatniego zresetowania